[Event "Copenhagen Challenge IM 2020"]
[Site "Ballerup"]
[Date "2020.07.22"]
[Round "1.6"]
[White "Hove, Esben Kjems"]
[Black "Vesterli, Michael E."]
[Result "1-0"]
[WhiteElo "2324"]
[BlackElo "2266"]
[Annotator "TA"]
[PlyCount "111"]
[EventDate "2020.07.22"]
[EventType "tourn"]
[EventCountry "DEN"]
[SourceTitle "playchess.com"]
[Source "ChessBase"]
[SourceQuality "1"]

{[%evp 15,111,-25,2,-5,0,0,8,-3,10,6,65,69,72,74,79,73,76,75,79,77,70,78,73,69,79,84,117,120,119,112,150,144,172,145,135,135,185,188,215,195,253,272,241,258,241,232,377,377,355,311,288,269,266,251,240,147,306,288,274,155,164,150,154,0,0,0,0,0,0,0,0,0,0,0,6,0,8,8,73,73,73,8,8,8,70,70,70,69,29981,29982,29982,29983,29983,29984,29985,29986,29986,29987]} 1. d4 Nf6 2. Nf3 g6 3. g3 Bg7 4. Bg2 O-O 5. O-O d5 6. b3 Ne4 7. Bb2 c5 8. e3 Nc6 9. Ne5 {D02: 1 d4 d5 2 Nf3 sidelines, including 2...Nf6 3 g3 and 2...Nf6 3 Bf4.} Qc7 {[%cal Rc6e5]} 10. Nxc6 bxc6 11. c4 {The position is equal.} Rd8 {[#]} 12. Qc1 $146 ({Predecessor:} 12. cxd5 cxd5 13. Qc2 Bf5 14. g4 Bxg4 15. f3 Nf6 16. Qxc5 Qb8 17. Nc3 Bd7 18. Qa5 {0-1 (51) Matnadze,A (2368)-Khotenashvili,B (2459) Heraklion 2017}) 12... cxd4 (12... Rb8 $11) 13. cxd5 $14 Nc3 14. Nxc3 dxc3 15. Bxc3 cxd5 16. Bxg7 Qxc1 17. Raxc1 Kxg7 18. Rfd1 Be6 19. Rc7 Kf6 20. Rd4 Rac8 21. Rxc8 (21. Rxa7 {leads to mate.} Rc1+ 22. Rd1 Rxd1+ 23. Bf1 Bh3 24. Ra6+ e6 25. Rxe6+ fxe6 26. Kh1 Rxf1#) 21... Rxc8 22. Bxd5 $16 {[%mdl 4096] Endgame KRB-KRB} Bh3 {( -> ...Rc1+)} 23. Bc4 {Threatens to win with Rf4+.} g5 24. f4 h6 25. Kf2 a5 26. fxg5+ hxg5 {[#]} 27. g4 $1 {Hoping for Kg3.} e5 (27... e6 {is a better defense.} 28. Kg3 Rh8) 28. Re4 $18 Kg6 29. Rxe5 Bxg4 30. Rxa5 f5 (30... Be6 {keeps fighting.} 31. Ra4 Kf5) 31. Ra6+ Kg7 32. Rd6 Rh8 33. Kg1 Rh3 34. Re6 f4 35. Re7+ Kg6 $2 (35... Kf6 $16 {was necessary.} 36. Rf7+ Ke5) 36. exf4 gxf4 37. Re8 (37. a4 $18) 37... Rc3 $16 38. Rg8+ Kh5 39. Bf1 $2 (39. a4 $16) 39... Rc1 $11 40. Rf8 Kg5 41. h4+ Kxh4 {aiming for ...Kg3.} 42. Rxf4 Kg3 43. Rc4 Ra1 44. Rc2 Bf3 45. b4 {[%cal Bb3b4,Bb4b5,Bb5b6,Bb6b7][%mdl 32]} Rb1 46. b5 Rb4 (46... Bd5 $1 $11 {keeps the balance.}) 47. Rc3 $16 Rb2 48. a3 ({Better is} 48. a4 $16 Ra2 49. b6 Rxa4 50. Rb3) 48... Rb1 $1 $11 49. a4 {Black must now prevent a5.} Ra1 (49... Kf4 $1 $11) 50. b6 $1 $14 {[%cal Rb6b7]} Rxa4 51. Rb3 $1 {b7 is the strong threat.} Ra8 $2 {[%mdl 8192] [#]} (51... Kf4 $14) 52. Rxf3+ $1 {[%mdl 512] White mates.} Kg4 (52... Kxf3 53. Bg2+) 53. Rf7 Rb8 54. b7 Kg5 55. Bg2 Kg6 56. Rc7 {Accuracy: White = 83%, Black = 54%.} 1-0

[Event "Copenhagen Challenge IM 2020"]
[Site "Ballerup"]
[Date "2020.07.22"]
[Round "1.7"]
[White "Akdag, Dara"]
[Black "Heimisson, Hilmir Freyr"]
[Result "0-1"]
[WhiteElo "2244"]
[BlackElo "2309"]
[Annotator "TA"]
[PlyCount "80"]
[EventDate "2020.07.22"]
[EventType "tourn"]
[EventCountry "DEN"]
[SourceTitle "playchess.com"]
[Source "ChessBase"]
[SourceQuality "1"]

{[%evp 9,80,-4,-6,-11,0,-19,-23,-17,-2,-4,-2,-4,0,0,0,0,30,-69,-18,-52,-51,-56,-37,-41,-33,-39,-44,-51,-31,-35,-23,-51,-48,-47,-50,-70,-74,-81,-60,-85,-67,-66,-69,-70,-57,-64,-45,-45,-37,-41,-45,-39,-37,-398,-387,-378,-386,-369,-332,-426,-405,-399,-376,-589,-569,-909,-906,-891,-881,-897,-865,-845,-772]} 1. f4 f5 2. Nf3 Nf6 3. b3 b6 4. Bb2 Bb7 5. Bxf6 exf6 6. e3 {A02: Bird's Opening.} Na6 {[#]} 7. d4 $146 ({Predecessor:} 7. a4 Nc5 8. a5 g6 9. a6 Bd5 10. Nc3 Bf7 11. Bc4 Ne6 12. O-O c6 13. Nd4 Nxd4 14. exd4 {0-1 (80) Rapport,R (2713)-Laznicka,V (2675) Novy Bor 2014}) 7... d5 8. Bd3 {Black has an edge.} Qd7 9. a3 c6 10. O-O Bd6 11. c4 O-O 12. Nc3 Nc7 13. cxd5 (13. Na4 $11) 13... cxd5 ({Black should try} 13... Nxd5 $15 14. Qd2 Qe7 15. Nxd5 cxd5) 14. Qd2 g6 15. Rfc1 Rfe8 16. Nd1 Rac8 17. b4 Red8 18. Qb2 Bf8 19. a4 Qe7 20. Rcb1 Ne8 21. a5 Nd6 22. axb6 axb6 23. Ra7 Rc7 24. Rc1 Rxc1 (24... Nc4 {is interesting.} 25. Bxc4 dxc4 26. b5 Rdc8 27. Kf2 Qf7) 25. Qxc1 Rc8 26. Qb2 Rc7 27. b5 $1 Qe8 28. Nd2 Qc8 29. Nb1 Nc4 30. Bxc4 Rxc4 31. Ra1 $2 {[%mdl 8192] [#] This costs White the game.} ({Better is} 31. Qb3 $15) 31... Rc2 $19 32. Qb3 {With the idea Nbc3.} Qc4 33. Qxc4 dxc4 ({Not} 33... Rxc4 34. Nbc3 $11) 34. Nbc3 Rxg2+ 35. Kf1 Bf3 36. Ra4 (36. h4 $142) 36... Rxh2 {Black is clearly winning.} 37. Nf2 g5 38. Ne2 g4 39. Ng3 h5 40. Nxf5 h4 {Accuracy: White = 64%, Black = 93%.} 0-1

[Event "Copenhagen Challenge IM 2020"]
[Site "Ballerup"]
[Date "2020.07.22"]
[Round "1.8"]
[White "Nielsen, Viktor Haarmark"]
[Black "Jepson, Christian"]
[Result "1/2-1/2"]
[WhiteElo "2301"]
[BlackElo "2377"]
[Annotator "TA"]
[PlyCount "106"]
[EventDate "2020.07.22"]
[EventType "tourn"]
[EventCountry "DEN"]
[SourceTitle "playchess.com"]
[Source "ChessBase"]
[SourceQuality "1"]

{[%evp 16,106,9,21,19,14,21,5,4,-19,-23,-25,-18,-27,-12,-34,-3,-12,-3,-11,-4,-73,0,0,0,-76,-50,-41,-55,-26,-41,-37,-14,-37,0,-60,-66,-57,-52,-56,-68,-63,-63,-76,0,0,0,-66,-72,-78,-85,-78,-60,-66,-56,-60,-50,-44,-33,-42,0,-4,0,-8,-5,-8,0,-108,-108,-77,-63,-125,-114,-254,-237,-742,-700,-29991,-748,-977,-52,-59,0,0,0,0,0,0,0,0,0,0,0]} 1. Nf3 g6 2. d4 Nf6 3. c4 d6 4. g3 Bg7 5. Bg2 O-O 6. O-O c6 7. Nc3 Bf5 8. Nh4 Be6 9. b3 d5 {E62: King's Indian: Fianchetto: 6...c6 and Panno Variation (6...Nc6) without ...a6.} 10. cxd5 Nxd5 11. Nxd5 (11. Ne4 {is interesting.} Nd7 12. Bb2 h6 13. Nc3 a5 14. e4) 11... cxd5 {[#]} 12. Be3 $146 ({Predecessor:} 12. Ba3 Nc6 13. e3 Qd7 14. Qe2 Bh3 15. Rfd1 Bxg2 16. Nxg2 Rfe8 17. Nf4 Rad8 18. Bb2 {½-½ (54) Martynov,P (2332)-Dolzhikova,K (2238) St Petersburg 2013}) 12... Nc6 13. Qd2 Qb6 {[%cal Rg7d4]} 14. Nf3 Rfd8 15. Ne5 Nxe5 16. dxe5 d4 17. Bf4 Bd5 18. Bh3 (18. e4 $11 dxe3 19. Qxe3) 18... Be6 (18... Bc6 $17) 19. Bg2 $1 $11 Bd5 (19... a5 $11) 20. Bh3 $17 Qb5 21. Qd3 Qxd3 22. exd3 e6 23. Rac1 h6 24. Rfe1 Rac8 (24... g5 $5 25. Bd2 $8 Bf8 $11) 25. Bg2 (25. Bd2 $11) 25... Rc3 $15 26. Bd2 Rxd3 27. Ba5 b6 28. Bf1 Rf3 29. Bd2 d3 (29... g5 $17) 30. Bg2 $11 g5 31. h3 (31. Bxf3 $11 Bxf3 32. Re3) 31... Rf5 $15 32. f4 gxf4 33. gxf4 Bf8 34. Bxd5 Rxd5 35. Rc8 {With the idea Bb4.} f6 36. exf6 Rxf6 37. Kg2 a5 38. Kf3 Rd7 39. Ke4 Kf7 40. Rd1 Bc5 {aiming for ...Rd4+.} 41. Be3 (41. Bc3 $1 $11 Rg6 42. Rxd3 Rxd3 43. Rc7+ Ke8 44. Kxd3) 41... Bxe3 $17 42. Kxe3 {[%mdl 4096] Endgame KRR-KRR} Rf5 43. Rc6 (43. h4 $15) 43... Rh5 44. Rxb6 (44. Rd2 $17) 44... Rxh3+ $19 45. Ke4 $2 (45. Kf2) 45... d2 {[#] ( -> ...Rdd3)} 46. Rc6 Rhd3 (46... Rdd3 $142 47. Rxe6 {[%mdl 64] Remove Defender} Kxe6 48. f5+ Kf6 49. a3 Rd8 50. Rg1 d1=Q 51. Rg6+ Kf7 52. Rg7+ {[%mdl 64] Decoy} Kxg7 53. f6+ Kxf6 54. Kf4 Qf3#) 47. Rc7 R3d4+ $2 ({Better is} 47... h5 $19 48. Rxd7+ Rxd7) 48. Ke3 $15 Rd3+ (48... Rxc7 $15 49. Kxd4 Rc2) 49. Ke2 {The position is equal.} Rxc7 50. Kxd3 Kf6 51. Rxd2 Rd7+ 52. Ke3 Rxd2 53. Kxd2 Kf5 {Accuracy: White = 65%, Black = 72%.} 1/2-1/2

[Event "Copenhagen Challenge IM 2020"]
[Site "Ballerup"]
[Date "2020.07.22"]
[Round "1.9"]
[White "Brynell, Stellan"]
[Black "Vinter-Schou, Uffe"]
[Result "1/2-1/2"]
[WhiteElo "2414"]
[BlackElo "2349"]
[Annotator "TA"]
[PlyCount "128"]
[EventDate "2020.07.22"]
[EventType "tourn"]
[EventCountry "DEN"]
[SourceTitle "playchess.com"]
[Source "ChessBase"]
[SourceQuality "1"]

{[%evp 29,128,64,56,52,64,39,35,38,58,39,72,74,160,112,100,108,116,75,180,85,76,92,85,83,154,108,110,77,103,32,34,6,41,25,35,3,14,0,0,-8,-12,-64,-58,-332,-318,-378,-380,-336,-160,-165,-172,-170,-137,-232,-232,-328,-58,-75,-54,-1092,-993,-4769,-4671,-2980,-615,-902,-902,-568,0,0,0,0,0,0,0,0,0,0,0,0,0,0,0,0,0,0,0,0,0,0,0,0,0,0,0,0,0,0,0,0,0]} 1. d4 Nf6 2. Nf3 e6 3. c4 c5 4. d5 exd5 5. cxd5 d6 6. Nc3 g6 7. Nd2 Bg7 8. e4 O-O 9. Be2 Re8 10. O-O Na6 11. f3 Nc7 12. a4 b6 13. Kh1 Rb8 14. Nc4 Ba6 15. Bg5 h6 16. Be3 {A79: Modern Benoni: Classical: 9...Re8 10 Nd2 Na6 11 f3.} Qe7 17. Re1 Nd7 18. Qd2 {[#] White is slightly better.} g5 $146 ({Predecessor:} 18... Bxc4 19. Bxc4 Ne5 20. Be2 g5 21. f4 gxf4 22. Bxf4 Kh7 23. Rf1 Rf8 24. Bg3 a6 {1-0 (33) Petran,P (2395)-Brustkern,J (2255) Budapest 1998}) 19. Rab1 Ne5 20. Nxe5 Qxe5 (20... Bxe5 $142 21. Bxa6 Nxa6) 21. f4 gxf4 22. Bxf4 {[%mdl 64] Double Attack} Qd4 23. Bxa6 ({Reject} 23. Bxh6 $6 Qxd2 24. Bxd2 Bxe2 $11) 23... Nxa6 (23... Qxd2 $16 {is a better defense.} 24. Bxd2 Nxa6) 24. Nb5 ({Resist} 24. Bxh6 Qxd2 25. Bxd2 Nb4 $16) (24. Qe2 $1 $18 {[%cal Re2a6]} Qf6 25. Rf1) 24... Qxd2 $16 25. Bxd2 Bf8 26. Nxa7 Rb7 (26... Nc7 $142) 27. Nb5 Nc7 28. Nxc7 Rxc7 29. Re3 (29. Kg1 $16) 29... Bg7 $14 30. Bc3 Be5 (30... Bd4 {with more complications.} 31. Rh3 Rxe4 32. Rxh6 Rd7 33. g3 Kg7) 31. Bxe5 Rxe5 {[%mdl 4096] Endgame KRR-KRR} 32. h3 Ra7 33. b3 Rae7 34. Rbe1 f5 {[%cal Rf5e4]} 35. Rf1 (35. Kh2 $11) 35... fxe4 $15 36. Rf6 $2 {[%mdl 8192]} (36. Rd1 $15) 36... Rxd5 $19 37. Rxh6 Kg7 38. Rh4 Rd3 (38... Rd1+ $19 {and Black stays clearly on top.} 39. Kh2 d5 40. Rg4+ Kf6) 39. Rexe4 $17 Rxe4 40. Rxe4 Rxb3 {KR-KR} 41. Re6 (41. Kg1 $17) 41... d5 $19 {Strongly threatening ...c4.} 42. Kg1 (42. Rd6 {only move.} d4 43. Kg1) 42... Kf7 $2 ({Better is} 42... c4 $1 $19 {...d4 is the strong threat.} 43. Rd6 c3) 43. Rc6 $1 $15 c4 44. h4 $2 {[%mdl 8192]} (44. Kf2 $15) 44... c3 $1 $19 45. Kf2 d4 46. Ke2 {[#]} Rb2+ (46... c2 $142 $1 {[%mdl 512]} 47. Kd2 (47. Rxc2 d3+) 47... d3 48. Rc7+ Kg6 49. Rc6+ Kh5) 47. Kd1 Rxg2 48. h5 Kg7 $2 (48... Ra2 $19 49. Kc1 Rxa4) 49. Rxb6 $11 {The position is equal.} Ra2 {And now ...d3 would win.} (49... d3 {[#]} 50. Rg6+ $1 {[%mdl 512]} Rxg6 51. hxg6 $18) 50. h6+ Kh7 51. Rd6 Rxa4 52. Kc2 Rc4 53. Kd1 Rb4 54. Kc2 Ra4 55. Kb3 {[#]} Rc4 $1 {[%mdl 512] aiming for ...c2!} 56. Kc2 $1 (56. Kxc4 c2) 56... Rb4 57. Kc1 Ra4 58. Kc2 $1 Ra2+ 59. Kd1 Rd2+ 60. Kc1 Kg8 (60... d3 $5) 61. Rd8+ Kh7 62. Rd6 d3 63. Rc6 Rc2+ 64. Kd1 Rd2+ {Whites escaped into a draw. Accuracy: White = 52%, Black = 66%.} 1/2-1/2

[Event "Copenhagen Challenge IM 2020"]
[Site "Ballerup"]
[Date "2020.07.22"]
[Round "1.10"]
[White "Ingebretsen, Jens E"]
[Black "Brondt, Nicolai Kvist"]
[Result "1/2-1/2"]
[WhiteElo "2182"]
[BlackElo "2223"]
[Annotator "TA"]
[PlyCount "134"]
[EventDate "2020.07.22"]
[EventType "tourn"]
[EventCountry "DEN"]
[SourceTitle "playchess.com"]
[Source "ChessBase"]
[SourceQuality "1"]

{[%evp 28,134,25,17,24,0,35,0,35,25,18,14,43,6,30,-16,-1,-9,-11,-10,-9,-53,-7,-170,0,-9,1,0,19,0,37,-7,-6,-60,-56,-71,-65,-88,-81,-82,-36,-33,0,0,0,0,4,4,11,11,0,6,15,0,0,0,0,-35,-41,-41,0,-4,4,16,42,1,0,0,74,0,35,28,23,17,27,18,104,112,117,118,119,108,144,139,135,144,134,133,243,243,229,222,382,382,382,382,382,382,382,382,382,382,461,461,461,461,461,461,461]} 1. e4 c5 2. Nf3 e6 3. d4 cxd4 4. Nxd4 Nc6 5. Nb5 d6 6. c4 Nf6 7. N1c3 a6 8. Na3 Be7 9. Be3 O-O 10. Be2 b6 11. O-O Bb7 12. Qb3 Nd7 13. Rfd1 Qc7 14. Rac1 Nc5 15. Qc2 Bf6 {B44: Sicilian: Taimanov: 5 Nb5.} 16. Nab1 Rac8 (16... Nb4 $5 {[%cal Rb4c2]} 17. Qd2 Rad8 $15) 17. f3 Rfd8 {With the idea ...d5!The position is equal.} (17... Nb4 $5 {[%cal Rb4c2]} 18. Qd2 Rfd8 $11) 18. Bf1 Qe7 {[#]} 19. Qf2 $146 ({Predecessor:} 19. a3 a5 20. Rd2 Ne5 21. Rcd1 Ng6 22. b4 axb4 23. axb4 Nd7 24. Rxd6 Nde5 25. Rxd8+ Rxd8 26. Rxd8+ Qxd8 {1-0 (61) Dominguez Aguilar,G (2342)-Porter,R (2201) Turin 2006}) 19... Bg5 20. f4 Bf6 21. g3 g5 22. Bg2 gxf4 23. gxf4 Kh8 24. Rd2 Rg8 {Threatens to win with ...Na5.} (24... Nb4 $5 {[%cal Rb4d3]} 25. Qf1 Rg8 $15) 25. Rcd1 $2 {[#]} (25. Kh1 $11 {and White stays safe.}) 25... Rcd8 $2 (25... Na5 $1 $19 26. Bxc5 bxc5 27. Rxd6 Bd4 28. R6xd4 cxd4 29. Qxd4+ f6) 26. Kh1 Ba8 27. Bf3 Bh4 28. Qe2 Bf6 29. Bg1 Bg7 30. Qf1 (30. Bf2 $11) 30... Qh4 $1 $15 31. Be3 Bh6 32. Qe1 Qxe1+ 33. Rxe1 Nb4 34. Red1 e5 35. a3 $1 $36 {[%cal Ra3b4][%mdl 2048] Black is under pressure.} Nc6 36. Rxd6 Rxd6 37. Rxd6 Bxf4 38. Bf2 $1 Rg6 39. Rxg6 hxg6 40. Nd5 Nd3 41. Bxb6 Nxb2 42. Be2 Nd4 43. Bf1 $1 Bg5 44. Nbc3 f5 45. Bc7 Nc6 46. Nb6 Bb7 47. Nd7 Bd8 (47... Be3 $11) 48. Bd6 (48. Bxd8 $16 Nxd8 49. Nxe5) 48... fxe4 49. Nc5 Bc8 50. N5xe4 Be6 51. Nd5 Na4 (51... Kg8 $11 {keeps the balance.}) 52. Nb4 $16 {White stays focused until the end.} Na5 53. Bxe5+ Kg8 54. c5 {c6 is the strong threat.} ({Much less strong is} 54. Nxa6 $6 Nxc4 55. Bxc4 Bxc4 $14) 54... Bf5 55. Nd6 Nxc5 56. Nxf5 gxf5 57. Nxa6 Nxa6 (57... Ne4 $16 58. Kg2 Kf7) 58. Bxa6 {[%mdl 4096] Endgame KBB-KBN} Kf7 59. Bc3 Ke6 $2 {[#]} (59... Kg6 60. Kg2 Nb3) 60. Bc8+ Kd5 61. Bxa5 Bxa5 62. Bxf5 $18 {KB-KB} Ke5 63. Bd7 Kf6 64. Kg2 Kg7 65. h4 {White is clearly winning.} Kh8 66. Kf3 Bd8 67. h5 Ba5 {[%mdl 32768] Accuracy: White = 76%, Black = 59%. . An unexpected result.} 1/2-1/2

[Event "Copenhagen Challenge IM 2020"]
[Site "Ballerup"]
[Date "2020.07.23"]
[Round "2.6"]
[White "Heimisson, Hilmir Freyr"]
[Black "Nielsen, Viktor Haarmark"]
[Result "1-0"]
[WhiteElo "2309"]
[BlackElo "2301"]
[Annotator "TA"]
[PlyCount "101"]
[EventDate "2020.07.22"]
[EventType "tourn"]
[EventCountry "DEN"]
[SourceTitle "playchess.com"]
[Source "ChessBase"]
[SourceQuality "1"]

{[%evp 23,101,-8,-8,-15,-15,-15,-11,-21,-21,-15,-12,-34,0,0,0,0,0,-9,-4,-28,0,0,10,0,6,0,0,0,0,0,0,-21,0,0,0,0,0,-6,0,0,0,-177,-177,-400,-335,-334,-303,-515,-446,-443,-451,-448,-392,-398,97,101,288,302,307,106,106,79,137,145,297,250,233,145,133,135,143,115,2062,891,1708,1595,29968,29970,29971,29970]} 1. c4 c6 2. e4 d5 3. exd5 cxd5 4. d4 Nf6 5. Nc3 Nc6 6. Nf3 Bg4 7. cxd5 Nxd5 8. Qb3 Bxf3 9. gxf3 e6 10. Qxb7 Nxd4 11. Bb5+ Nxb5 12. Qxb5+ Qd7 13. Nxd5 {B13: Caro-Kann: Exchange Variation and Panov-Botvinnik Attack.} exd5 14. Qxd7+ Kxd7 15. Be3 {The position is equal.} Bb4+ 16. Ke2 Rhc8 17. Rac1 Ba5 18. Kd3 Bb6 19. Rhg1 {Threatens to win with Rxc8.} g6 20. Rxc8 Rxc8 $11 {[%mdl 4096] Endgame KRB-KRB} 21. Rg4 {[#]} Rc6 $146 ({Predecessor:} 21... Rc7 22. Rb4 Rc6 23. Rb5 Rd6 24. Bd4 Kc6 25. Rb3 Re6 26. Rc3+ Kd6 27. Rb3 Kc6 28. Rc3+ Kd6 29. Rb3 Kc6 30. Rc3+ {½-½ (30) Gerasimov,I (2333)-Sadykov,R (2214) Kazan 2012}) 22. Rf4 f5 23. Ra4 h5 24. b3 Re6 25. Rb4 Kc6 26. a4 Re8 27. Rh4 Bd8 28. Rb4 $1 {[%cal Rb4b8]} Bb6 29. h3 Re7 30. Rb5 Re6 31. Rb4 Re8 32. Rf4 $2 {[#]} (32. h4 $11) 32... d4 $1 $19 {[%cal Rd4e3][%mdl 512]} 33. Bd2 $2 (33. Rxd4 Bxd4 34. Kxd4) (33. Bxd4 Bc7) 33... a6 34. b4 Kd5 35. a5 $2 (35. Rh4) 35... Ba7 36. Rh4 Rc8 37. Rf4 Rc6 38. Rh4 Rc4 $2 {[#]} (38... Ke6 $19 39. Rxd4 Bxd4 40. Kxd4 Rc2) 39. Re4 $3 $16 {[%cal Re4e7][%mdl 512] Hoping for Re7.} Rc8 $2 (39... Bb8 $16) (39... fxe4+ 40. fxe4+) 40. Re7 $18 Bb8 41. Rg7 $2 (41. Rd7+ $1 $18 {and the rest is easy.} Bd6 42. Bf4 Rc3+ 43. Kd2) 41... Rc6 $16 42. Rd7+ Bd6 {[#]} (42... Ke6 $142 43. Rxd4 Bd6) 43. Bf4 $1 Rc3+ $2 (43... g5 $16 {is a better defense.} 44. Bxd6 (44. Bxg5 Rc3+ 45. Ke2 Kc6 $11) 44... Rxd6) 44. Kd2 $18 Rc6 45. Rxd6+ Rxd6 46. Bxd6 Kxd6 {KP-KP} 47. Kd3 {Strongly threatening f4.} Kc6 $2 {[%mdl 8192]} (47... g5 $16 48. Kxd4 h4) 48. Kxd4 (48. Kc4 $142 g5 49. f4 (49. Kxd4 h4 $11) 49... gxf4 50. f3) 48... Kb5 49. Kc3 g5 {[#]} 50. f4 $1 {[%mdl 512]} g4 (50... gxf4 51. Kb3) 51. h4 {Accuracy: White = 72%, Black = 54%.} 1-0

[Event "Copenhagen Challenge IM 2020"]
[Site "Ballerup"]
[Date "2020.07.23"]
[Round "2.7"]
[White "Vesterli, Michael E."]
[Black "Brondt, Nicolai Kvist"]
[Result "0-1"]
[WhiteElo "2266"]
[BlackElo "2223"]
[Annotator "TA"]
[PlyCount "124"]
[EventDate "2020.07.22"]
[EventType "tourn"]
[EventCountry "DEN"]
[SourceTitle "playchess.com"]
[Source "ChessBase"]
[SourceQuality "1"]

{[%evp 9,124,42,42,22,30,-17,39,-2,-12,-5,0,0,0,0,0,-19,-16,-22,-16,-22,-7,-50,-10,-63,-66,-70,-66,-67,-81,-147,-135,-188,-187,-245,-255,-261,-242,-241,-219,-229,-217,-225,-197,-274,-268,-280,-272,-269,-269,-251,-268,-249,-236,-229,-186,-167,0,0,0,0,0,0,0,0,0,0,0,0,0,0,0,0,0,0,0,0,0,0,0,0,0,0,0,0,0,0,0,0,0,0,0,0,0,-12847,-12847,-12848,-12848,-12849,-12849,-12850,-12850,-12850,-12851,-12851,-12851,-12851,-12851,-12851,-27999,-12851,-27999,-27999,-27999,-27998,-27998,-27998,-27998]} 1. d4 d5 2. Nc3 c5 3. dxc5 e6 4. e4 d4 5. Nb5 Nc6 6. Nf3 {C10: French with 3 Nc3: Unusual Black 3rd moves and 3...dxe4.} e5 $1 {[#]} 7. Bc4 $146 ({Predecessor:} 7. Nd6+ Bxd6 8. cxd6 Qxd6 9. a3 Nf6 10. Bd3 Be6 11. O-O Rc8 12. h3 h6 13. Nh4 {1-0 (30) Kandearachchi,N (1981)-Gunathilake,M (1176) Negombo 2016}) 7... a6 ({Better is} 7... Bxc5 $11 8. Ng5 Nh6) 8. Nd6+ {White is slightly better.} Bxd6 9. cxd6 Qxd6 10. c3 Nf6 11. O-O Bg4 12. Qd3 O-O 13. Bg5 h6 14. Bh4 Na5 15. Nd2 Rfd8 16. Bd5 ({White should play} 16. Bxf6 $11 Qxf6 17. Bd5) 16... g5 $36 {[%mdl 2048] Black is pushing.} 17. Bg3 Nxd5 18. exd5 Qxd5 19. c4 (19. f3 $142 Be6 20. cxd4) 19... Qe6 $17 20. b4 (20. Rae1 $17 {was called for.} Bf5 21. Qa3) 20... Bf5 21. Qe2 (21. Qa3 {is a better defense.} Nc6 22. f3) 21... Nc6 $19 {[%cal Ba5c6,Bc6b4,Bb4c2][%mdl 32]} 22. b5 axb5 23. cxb5 Nb4 24. Qxe5 Qxe5 ({Don't play} 24... Rxa2 25. Rxa2 Nxa2 26. Re1 $17) (24... Nxa2 25. Nf3 $17) 25. Bxe5 Rd5 ({Not} 25... Rxa2 26. Rxa2 Nxa2 27. f4 $17) 26. f4 {[#]} (26. Bg3 $142) 26... Nc2 $1 (26... Rxa2 27. Rxa2 Nxa2 28. Nf3 $15) 27. Nc4 {Nb6 would now be nice for White.} Nxa1 28. Nb6 {[#]} Rxe5 $1 29. fxe5 Rxa2 30. Rxf5 {[%mdl 4096] Endgame KRN-KRN} Rb2 31. Nc4 Rxb5 32. Nd6 Rd5 $2 (32... Rc5 $19 33. Rxf7 d3) 33. Nxf7 $11 d3 34. e6 Rxf5 35. Nxh6+ Kg7 36. Nxf5+ {KN-KN} Kf6 37. e7 d2 38. Ne3 Kxe7 39. Kf2 {[#]} Nc2 $1 {[%mdl 512] ( -> ...Nxe3)} 40. Nd1 (40. Nxc2 d1=Q) 40... Na3 41. g3 Nc4 42. h4 g4 43. Ke2 Ke6 44. Kd3 b5 45. Kd4 Nd6 {...Nf5+ is the strong threat.} 46. Kd3 Nf5 47. Kxd2 Nxg3 {aiming for ...Nf5.} 48. Nf2 Kf5 {White must now prevent ...Ne4+.} 49. Ke3 Nf1+ 50. Ke2 Nh2 {Strongly threatening ...g3.} 51. Nh1 $2 {[%mdl 8192] [#]} (51. h5 $11) 51... Nf3 $1 $19 {[%cal Rf3h4]} 52. h5 Kg5 53. Ng3 Nd4+ 54. Kd3 Nf5 55. h6 Nxh6 56. Kc3 Nf5 57. Ne2 Kh4 58. Kb4 Nd6 59. Kc5 g3 60. Kxd6 {Black mates.} b4 {[%cal Bb5b4,Bb4b3][%mdl 32]} 61. Nd4 g2 62. Kd5 b3 {[%mdl 64] Promotion. Accuracy: White = 75%, Black = 91%.} 0-1

[Event "Copenhagen Challenge IM 2020"]
[Site "Ballerup"]
[Date "2020.07.23"]
[Round "2.8"]
[White "Vinter-Schou, Uffe"]
[Black "Ingebretsen, Jens E"]
[Result "1-0"]
[WhiteElo "2349"]
[BlackElo "2182"]
[Annotator "TA"]
[PlyCount "75"]
[EventDate "2020.07.22"]
[EventType "tourn"]
[EventCountry "DEN"]
[SourceTitle "playchess.com"]
[Source "ChessBase"]
[SourceQuality "1"]

{[%evp 12,75,25,-15,9,-8,2,0,-7,0,0,-12,-3,-31,-23,-36,-26,-39,-29,-50,-50,-54,-45,-42,-27,-43,0,0,0,0,0,14,198,195,272,140,164,131,149,143,141,147,155,179,140,151,146,160,138,121,134,144,774,774,760,764,750,736,735,704,973,958,924,923,893,875]} 1. e4 e5 2. Nf3 Nc6 3. Nc3 Bc5 4. Bb5 Nf6 5. O-O O-O 6. d3 d6 7. h3 a6 {C48: Four Knights: 4 Bb5, replies other than 4...Bb4.} 8. Ba4 h6 (8... b5 $5 9. Bb3 $8 Bb7 $11) 9. Ne2 b5 {The position is equal.} 10. Bb3 Na5 11. Ng3 Re8 {[#]} 12. Nh2 $146 ({Predecessor:} 12. Re1 Bb7 13. Bd2 Nxb3 14. axb3 d5 15. Bc3 Qd6 16. exd5 Qb6 17. d4 exd4 18. Rxe8+ Rxe8 19. Bxd4 Nxd5 {0-1 (50) Harikrishnan,A (2401)-Harutyunian,T (2539) Barcelona 2019}) 12... Nxb3 13. axb3 d5 14. Qf3 Be6 15. Ng4 Nxg4 16. hxg4 c6 17. Nf5 Be7 18. g3 Bg5 19. Kg2 Bxc1 20. Raxc1 Qg5 21. Rh1 g6 $2 (21... f6 $11 {and Black is okay.}) 22. Nxh6+ $18 Kg7 {[#]} (22... Kf8 $142 23. c4 dxe4 24. Qxe4 (24. dxe4 bxc4 25. bxc4 a5 $16) 24... Rab8) 23. Nf5+ (23. Nxf7 $1 $18 {[%mdl 512]} Qxg4 (23... Bxf7 24. Rh7+) 24. Nxe5 {[%mdl 64] Double Attack} Qxf3+ 25. Nxf3) 23... gxf5 $16 24. gxf5 {Threatens to win with Rh5.} Bd7 25. Rh5 $1 {[%cal Rh5g5][%mdl 1024] White has strong compensation.} Qf6 {[#]} ({And not} 25... Qxc1 26. Qg4+ Kf6 27. Qh4+ Kg7 28. Rh7+ Kg8 29. f6 Bh3+ 30. Qxh3 Qg1+ 31. Kxg1 dxe4 32. Rh8#) 26. Qg4+ $1 $40 {[%mdl 128] White has strong attack.} Kf8 {[#]} 27. Rch1 $1 {[%cal Bc1h1,Bh1h5,Bh5h7][%mdl 32]} Ke7 28. Rh6 Rg8 29. Qe2 Qg5 30. exd5 f6 31. R1h5 Qg4 $2 {[%mdl 8192] [#]} (31... Qf4 $16) 32. d6+ $1 $18 {[%mdl 576] Deflection, Decoy. White is clearly winning.} Kxd6 33. Rxf6+ Kc7 34. Qxe5+ Kb6 35. Qe3+ Kc7 {[#]} 36. Rh7 $1 {White threatens Rxd7+! and mate.} Rg7 37. Qe5+ Kb7 {[#]} 38. Rg6 $1 {[%mdl 512] Accuracy: White = 87%, Black = 67%.} 1-0